[Event "FW2 Gruppe 1"]
[Site "Elværket, Frederikssund"]
[Date "2004.09.25"]
[Round "2"]
[White "Stuhr, Peter"]
[Black "Koch, Alain"]
[Result "1/2-1/2"]
[WhiteElo "1710"]
[BlackElo "1829"]
[PlyCount "155"]

1. e4 e5 2. Nf3 Nc6 3. Bc4 d6 4. c3 Bg4 5. d4 Be7 6. Qb3 Na5 7. Qa4+ c6 8. Be2
b5 9. Qc2 Bxf3 10. Bxf3 Nf6 11. O-O O-O 12. Be2 a6 13. f4 Nd7 14. a4 Bf6 15.
axb5 axb5 16. fxe5 dxe5 17. b4 Nb7 18. Rxa8 Qxa8 19. d5 Nd6 20. Na3 Rb8 21. Qd3
cxd5 22. exd5 Be7 23. Bg4 Nf6 24. Be2 e4 25. Qd4 Qxd5 26. Rd1 Qxd4+ 27. Rxd4
Rb7 28. Bf4 Nfe8 29. Rd5 g6 30. Nxb5 Nf5 31. Nd4 Nf6 32. Rb5 Nxd4 33. Rxb7
Nxe2+ 34. Kf2 Nxf4 35. Rxe7 N4d5 36. Ra7 Nxc3 37. Ra5 Nfd5 38. Rc5 f5 39. b5
Nd1+ 40. Ke2 N1c3+ 41. Kf2 Nd1+ 42. Ke2 N1e3 43. b6 Nxb6 44. Kxe3 Nd7 45. Rc7
Nf6 46. Kd4 Ne8 47. Rd7 Nf6 48. Ra7 h6 49. h3 Nh5 50. Ke5 e3 51. g4 e2 52. Ra1
f4 53. Ke4 (53. gxh5 f3 54. Kf6 gxh5 55. Ra8+ Kh7 56. Ra7+ Kg8 57. Ra8+) 53...
Nf6+ 54. Kxf4 g5+ 55. Kf5 Nd5 56. Re1 (56. Kg6 Nf4+ 57. Kxh6 Nd3 58. Kxg5 e1=Q
59. Rxe1 59... Nxe1 $11) 56... Nf4 57. Ke4 (57. h4 Ng2 58. Rxe2 Nxh4+ 59. Kf6
Kh8 60. Re8+ Kh7 61. Re7+ Kg8 62. Rg7+ Kh8 63. Kf7 Nf3 64. Kg6 Ne5+ 65. Kxh6
Nxg4+ 66. Kxg5 Kxg7 67. Kxg4) 57... Kg7 58. Kf3 Kg6 59. h4 Kf6 60. Ra1 Ke5 61.
hxg5 hxg5 62. Ke3 e1=Q+ 63. Rxe1 Ng2+ 64. Kf2+ Nxe1 65. Kxe1 Kf4 66. Kf2 Kxg4
67. Kg2 Kh4 68. Kh2 g4 69. Kg2 g3 70. Kg1 Kg4 71. Kg2 Kf4 72. Kg1 Ke3 73. Kg2
Kf4 74. Kg1 Kf3 75. Kf1 Kg4 76. Kg2 Kh4 77. Kg1 Kh3 78. Kh1 1/2-1/2

[Event "FW2 Gruppe 2"]
[Site "Elværket, Frederikssund"]
[Date "2004.09.25"]
[Round "3"]
[White "Dræger, Mikael"]
[Black "Nielsen, Kai Gylling"]
[Result "1-0"]
[WhiteElo "1642"]
[BlackElo "1623"]
[PlyCount "121"]

1. e4 c5 2. d4 cxd4 3. c3 dxc3 4. Nxc3 Nc6 5. Nf3 d6 6. Bc4 e6 7. Qe2 Be7 8.
O-O Bf6 9. Rd1 Bxc3 10. bxc3 Nge7 11. Ba3 Qa5 12. Bxd6 O-O 13. Qc2 Rd8 14. Rab1
a6 15. Bxe7 Nxe7 16. Rxd8+ Qxd8 17. Rd1 Qc7 18. Qd3 f6 19. Qd8+ Qxd8 20. Rxd8+
Kf7 21. Nd4 b5 22. Bb3 Ra7 23. f4 (23. Rxc8 Nxc8 24. Bxe6+ Ke8 25. Bxc8) 23...
g6 24. f5 gxf5 25. exf5 Rc7 26. Bxe6+ Kg7 27. Bxc8 Rxc8 28. Rxc8 Nxc8 29. Ne6+
Kf7 30. Nc7 Nd6 31. Nxa6 Nxf5 32. Nc5 Ne3 33. a4 bxa4 34. Nxa4 Ke6 35. Kf2 Ng4+
36. Kg3 Ne5 37. Kf4 Kd5 38. Kf5 Kc4 39. Nb6+ Kc5 40. Nc8 h5 41. h3 h4 42. Ne7
Nc4 43. Kf4 Ne5 44. Nf5 Kc4 45. Nxh4 Kxc3 46. Kf5 Kd4 47. Nf3+ Kd5 48. Kxf6 Nd3
49. Kf5 Nf2 50. h4 Kd6 51. h5 Ke7 52. g4 Kf7 53. g5 Nd1 54. g6+ Kg7 55. Kg5 Nc3
56. h6+ Kg8 57. Kf5 Nd5 58. Ne5 Ne7+ 59. Kg5 Kh8 60. Nf7+ Kg8 61. h7+ 1-0

[Event "FW2 Gruppe 1"]
[Site "Elværket, Frederikssund"]
[Date "2004.09.25"]
[Round "3"]
[White "Christiansen, Poul"]
[Black "Stuhr, Peter"]
[Result "1/2-1/2"]
[WhiteElo "1743"]
[BlackElo "1710"]
[PlyCount "111"]

1. e4 e5 2. Nf3 Nf6 3. Nc3 Bb4 4. Bc4 O-O 5. d3 d5 6. exd5 Nxd5 7. Bd2 Nxc3 8.
bxc3 Bd6 9. O-O Bg4 10. h3 Bh5 11. g4 Bg6 12. Bg5 Qd7 13. Nh4 Nc6 14. Qd2 Na5
15. Bd5 c6 16. Bg2 h6 17. Be3 Bh7 18. f4 exf4 19. Bxf4 Bxf4 20. Rxf4 g5 21. Rf6
Qe7 22. Raf1 Rae8 23. Rxh6 Qe3+ 24. Qxe3 Rxe3 25. Nf5 Re2 26. Rf2 Rxf2 27. Kxf2
f6 28. Be4 Rf7 29. h4 gxh4 30. Rxh4 Kf8 31. Rh5 b6 32. Kf3 Bxf5 33. Bxf5 Nb7
34. Be4 Nd6 35. Rh8+ Kg7 36. Rd8 Nxe4 37. Kxe4 Re7+ 38. Kf3 Kg6 39. c4 c5 40.
a4 f5 41. Rd6+ Kg5 42. gxf5 (42. Rd5 Rf7 43. Rxf5+ Rxf5+ 44. gxf5 Kxf5 45. Ke3
Ke5 46. c3 $18) 42... Kxf5 43. a5 Ke5 44. Rc6 Kd4 45. axb6 axb6 46. Rxb6 Kc3
47. Rc6 Kxc2 48. Rxc5 Kxd3 49. Rc8 Rf7+ 50. Kg4 Kd4 51. Kg5 Rf1 52. c5 Kd5 53.
c6 Kd6 54. Kg6 Rc1 55. Rd8+ Kc7 56. Rf8 1/2-1/2